The scarlet pimpernel

Bibliographic Details
Main Author: Orczy, Baroness
Format: Book
Published: Barcelona : Fabbri Publishing , 1990
Series:The classic adventures series
Subjects:

MARC

LEADER 00000cam a2200000 7i4500
001 0000009365
002 000010198
005 20000330.0
020 |a 1855873303 
090 0 0 |a JF   |b ORC 
100 1 |a Orczy, Baroness 
245 1 4 |a The scarlet pimpernel   |c Baroness Orczy 
260 |a Barcelona :   |b Fabbri Publishing ,   |c 1990 
300 |a 248p. ;   |c 20cm. 
490 0 |a The classic adventures series 
650 0 0 |a Adventure stories 
999 |a 053577   |b BUKU   |c PINJAMAN   |e PERPUSTAKAAN KOMUNITI PETALING JAYA